000 01211nam0a2200313 4500
001 RU\NLR\bibl\76844
005 20260406122923.0
010 _a5-257-00517-4
_910000
021 _aRU
_b1998-50496
_92432
035 _a(NLR Aleph) 000075008
090 _a415361
_c415361
100 _a20000324d1998 |||y0rusy50 ca
101 1 _arus
_ceng
102 _aRU
105 _aa |||||||||
200 1 _aКосмос
_eЗвезды и планеты. Косм. полеты. Реактив. самолеты. Телевидение
_e[Пер. с англ.
_eДля мл. и сред. шк. возраста
_fНауч. ред. Л.Я. Гальперштейн]
210 _aМ.
_cРОСМЭН
_d1998
215 _a132 с.
_cил., цв. ил.
_d28
225 1 _aЭнциклопедия юного ученого
320 _aУказ. в конце разделов
686 _aШ9
_bЖ/О
702 1 _4340
_8rus
_7ca
_aГальперштейн
_bЛ.Я.
_f1918-
_gЛеонид Яковлевич
_3RU\NLR\auth\77813
_9110853
801 0 _aRU
_bNLR
_c20000324
_gPSBO
801 1 _aRU
_bNLR
_c20000324
852 _aNLR
_j2000-8/1
942 _cBOOK
980 _aNB